1103 1563 1107 1911 1101 1115 1351 1653 1057 1444 1905 1242 1728 1592 1706 1856 1851 1956 1528 1941 1407 1029 1347 1937 1473 1358 1446 1482 1681 1943 1055 1196 1216 1864 1017 1375 1861 1183 1087 1613 1500 1939 1572 1119 1495 1640 1861 1455 1987 1823 1123 1429 1603 1191 1732 1251 1776 1177 1611 1600 1360 1656 1074 1298 1430 1065 1318 1538 1106 1611 1534 1069 1053 1656 1545 1771 1494 1125 1536 1629 1544 1520 1189 1783 1788 1133 1257 1630 1451 1975 1541 1900 1170 1604 1448 1674 1928 1855 1252 BCNSPRNW ULIB Ver.6.0+V

เปลี่ยนเป็นภาษาไทย

Change to English
 แสดงรายละเอียดบรรณานุกรม
  กลับหน้าหลัก

Brief Record : Get Marc (ISO 2709) : E-mail record : QR code < ปิดหน้าต่าง
LEADER : 00000nam 2200000uu 4500
001    13399128359
003     ULIB
008    230707s2561||||th 000 0 tha d
020    ^a9786164557673
060  0 ^aWV230^bว64ร
100 0  ^aวิราภรณ์ อัจฉริยะเสถียร
245 10 ^aโรคของหูชั้นกลาง /^cวิราภรณ์ อัจฉริยะเสถียร, ยุวติยา ปลอดภัย
246 31 ^aMiddle ear diseases
260    ^aกรุงเทพฯ :^bสหมิตรพัฒนาการพิมพ์^c2561
300    ^a354 หน้า :^bภาพประกอบ
590    ^aGift-T-61
650  7 ^aหู^xโรค
650  7 ^aaหูชั้นกลางอักเสบ
690    ^aสิ่งพิมพ์มหาวิทยาลัยสงขลานครินทร์
700 0  ^aยุวติยา ปลอดภัย
710 2  ^aมหาวิทยาลัยสงขลานครินทร์^bคณะแพทยศาสตร์^bภาควิชา โสต ศอ นาสิกวิทยา
945    ^p790^l0^i009775
945    ^p790^l0^i009776
945    ^p790^l0^i009777
945    ^p790^l0^i009778
945    ^p790^l0^i009779
999    ^aประนอม เกษจรัล
รายการนี้ยังไม่มีแท็ก
คุณยังไม่ได้ล็อกอิน คุณสามารถมีกิจกรรมร่วมกับเว็บไซต์ได้ แต่ต้องล็อกอินก่อน ::
  ล็อกอิน

รายการสื่อสารสนเทศ

ลำดับที่ ประเภท เลขเรียก/บาร์โค้ด สถานที่ สถานะ
1. วิทยาศาสตร์การแพทย์ และสุขภาพ
หนังสือสำรอง
สถานะ=หนังสือสำรอง
WV230 ว64ร ฉ.1 
  Barcode: 009775
ห้องสมุดวิทยาเขตสวรรค์ประชารักษ์
►หนังสือทั่วไป
บนชั้น
2. วิทยาศาสตร์การแพทย์ และสุขภาพ
วิทยาศาสตร์การแพทย์ และสุขภาพ
WV230 ว64ร ฉ.2 
  Barcode: 009776
ห้องสมุดวิทยาเขตสวรรค์ประชารักษ์
►หนังสือทั่วไป
บนชั้น
3. วิทยาศาสตร์การแพทย์ และสุขภาพ
วิทยาศาสตร์การแพทย์ และสุขภาพ
WV230 ว64ร ฉ.3 
  Barcode: 009777
ห้องสมุดวิทยาเขตสวรรค์ประชารักษ์
►หนังสือทั่วไป
บนชั้น
4. วิทยาศาสตร์การแพทย์ และสุขภาพ
วิทยาศาสตร์การแพทย์ และสุขภาพ
WV230 ว64ร ฉ.4 
  Barcode: 009778
ห้องสมุดวิทยาเขตสวรรค์ประชารักษ์
►หนังสือทั่วไป
บนชั้น
5. วิทยาศาสตร์การแพทย์ และสุขภาพ
วิทยาศาสตร์การแพทย์ และสุขภาพ
WV230 ว64ร ฉ.5 
  Barcode: 009779
ห้องสมุดวิทยาเขตสวรรค์ประชารักษ์
►หนังสือทั่วไป
บนชั้น

รายการใกล้เคียง
    ผู้แต่ง [วิราภรณ์ อัจฉริยะเสถียร]

    หัวเรื่อง [aหูชั้นกลางอักเสบ]

BibComment


ยังไม่เคยถูกคอมเมนท์

คอมเมนท์ทรัพยากรรายการนี้
  คอมเมนท์: โรคของหูชั้นกลาง..


 Copyright 2026. Bcnsprnw @Library